000 01079nam a22003377a 4500
001 BR2013009799
003 BR-BrBNA
005 20230928104322.0
007 ta
008 230509b bl.||||| |||| 00| 0 por d
040 _aBR-BrBNA
_bpor
_cBiblioteca Nacional de Agricultura
041 _a(Por)
072 _aL40
_b6510
090 _ 6510 BR2013009799
100 1 _aLanna, L.L. e
110 1 _aUniversidade Federal de Minas Gerais, Belo Horizonte (Brasil). Escola de Veterinária
_0Tese (Doutor em Ciência Animal)
245 1 _aMorfologia testicular e reserva espermática na codorna japonesa (Coturnix coturnix japonica)
260 3 _aBelo Horizonte, MG (Brasil):
_c2012].
300 _a54 p.
500 _aSummaries (Eng, Por); Bibliography p. 51-54; 9 illus.; 8 tables
650 _aCODORNA
650 _aCOTURNIX COTURNIX JAPONICA
650 _aTESTÍCULO
650 _aBIOMETRIA
650 _aMORFOLOGIA ANIMAL
650 _aESPERMA
650 _aULTRA-SOM
650 _aREPRODUÇÃO ANIMAL
909 _a202309
_bLucia
_c55
_dLucia Elande
942 _cBK
999 _c79269
_d79269